Modern Dictators by Picture - Statistics

General Stats
  • This quiz has been taken 264 times
  • The average score is 13 of 16
Answer Stats
Picture Hint Answer % Correct
Germany Adolf Hitler
99%
Soviet Union Josef Stalin
99%
Italy Benito Mussolini
98%
China Mao Zedong
97%
Cuba Fidel Castro
94%
Iraq Saddam Hussein
93%
China Xi Jinping
90%
North Korea Kim Jong-un
88%
Libya Muammar Gaddafi
86%
Syria Bashar al-Assad
83%
Spain Francisco Franco
82%
North Korea Kim Jong-il
77%
Uganda Idi Amin
76%
Zimbabwe Robert Mugabe
72%
Iran Ayatollah Khomeini
67%
Saudi Arabia Mohammed bin Salman
39%
No matching quizzes found
Score Distribution
Percent of People with Each Score
Percentile by Number Answered
Your Score History
You have not taken this quiz